| 000 | 00391nam a22001457a 4500 | ||
|---|---|---|---|
| 082 |
_a621.86 _bINS _cD |
||
| 110 |
_aInstitute of Electrical Enng _941976 |
||
| 245 | _aRegulations for the electrical equipment of buildings. | ||
| 250 | _a12 | ||
| 260 |
_aLondon _bSavoy Place _c1954 |
||
| 300 | _a201 | ||
| 526 |
_a0 _b0 _c0 _d621_860000000000000_INS |
||
| 650 |
_aMCE _9379 |
||
| 942 |
_2ddc _cBK |
||
| 999 |
_c545987 _d545987 |
||